F. Scott Fitzgerald by any 3 Letters Quiz Stats

 Plays Quiz not verified by Sporcle

Score 0/22 Timer 01:30
0 Plays Today
Year Title % Correct
1934Tender Is the Night
95.5%
1922(The) Diamond as Big as the Ritz
90.8%
1925(The) Great Gatsby
84.8%
1922(The) Beautiful and Damned
75.8%
1920Head and Shoulders
71%
1920This Side of Paradise
41.3%
1921(The) Curious Case of Benjamin Button
35.5%
1941(The) Last Tycoon
33%
1920Bernice Bobs Her Hair
30.8%
1922Winter Dreams
30.3%
1920(The) Offshore Pirate
26.8%
Year Title % Correct
1925(The) Baby Party
22.3%
1928(The) Freshest Boy
20.5%
1932Crazy Sunday
20.3%
1931Babylon Revisited
19.5%
1930(The) Bridal Party
19%
1922May Day
14.5%
1926(The) Rich Boy
11.8%
1931A New Leaf
11.3%
1920(The) Ice Palace
11%
1945(The) Crack-Up
9%
1923(The) Vegetable
7.5%

You're not logged in!

Compare scores with friends on all Sporcle quizzes.
OR
Log In

Show Comments

Extras

Top Quizzes Today


Score Distribution

Your Account Isn't Verified!

In order to create a playlist on Sporcle, you need to verify the email address you used during registration. Go to your Sporcle Settings to finish the process.

Report this User

Report this user for behavior that violates our Community Guidelines.

Details: